1964 1469 1263 1544 1192 1862 1203 1754 1029 1358 1811 1683 1575 1461 1422 1724 1370 1672 1817 1814 1009 1423 1099 1731 1705 1804 1842 1152 1536 1341 1187 1343 1257 1191 1230 1082 1680 1452 1682 1908 1271 1903 1198 1530 1668 1692 1937 1412 1049 1268 1608 1520 1855 1067 1154 1924 1686 1539 1881 1618 1942 1403 1344 1071 1418 1673 1690 1314 1164 1081 1356 1745 1831 1926 1353 1260 1852 1172 1478 1588 1584 1923 1454 1818 1619 1937 1904 1016 1965 1446 1484 1613 1369 1531 1029 1743 1381 1887 1903 BCNSPRNW ULIB Ver.6.0+V

เปลี่ยนเป็นภาษาไทย

Change to English
 แสดงรายละเอียดบรรณานุกรม
  กลับหน้าหลัก

Brief Record : Get Marc (ISO 2709) : E-mail record : QR code < ปิดหน้าต่าง
LEADER : 00000nam 2200000uu 4500
001    13399113735
003     ULIB
008    111220s2550||||th 000 0 tha d
020    ^a9789748506692
060 04 ^aWA292^bน287ค 2550
100 0  ^aนลินี ปัญญาวโรภาส
245 10 ^aคู่มือปฐมพยาบาลเบื้องต้นด้วยตัวเอง /^cนลินี ปัญญาวโรภาส,บรรณาธิการ, ศิริวรรณ ช้างพลาย
246 14 ^aปฐมพยาบาลเบื้องต้นช่วยชีวิต
260    ^aกรุงเทพฯ :^bเอ็ดดูเคชั่น ไมน์ด ไลน์ มัลติมีเดีย,^c2550
300    ^a264 หน้า :^bภาพประกอบ ;^c21 ซม.
650  7 ^aการช่วยให้ฟื้น
650  7 ^aปฐมพยาบาล
650  7 ^aผู้ป่วยหนัก, การดูแล
650  7 ^aภาวะฉุกเฉิน
650  7 ^aอุบัติเหตุ
700 0  ^aศิริวรรณ ช้างพลาย,^eบรรณาธิการ
945    ^p195^l0^i14277
945    ^p195^l0^i14278
945    ^p195^l0^i14327
945    ^p195^l0^i15261
995    ^aกัณชพร
999    ^aใช้งานได้ทุกระบบ
รายการนี้ยังไม่มีแท็ก
คุณยังไม่ได้ล็อกอิน คุณสามารถมีกิจกรรมร่วมกับเว็บไซต์ได้ แต่ต้องล็อกอินก่อน ::
  ล็อกอิน

รายการสื่อสารสนเทศ

ลำดับที่ ประเภท เลขเรียก/บาร์โค้ด สถานที่ สถานะ
- ไม่พบข้อมูล -

รายการใกล้เคียง
    ผู้แต่ง [นลินี ปัญญาวโรภาส]

    หัวเรื่อง [การช่วยให้ฟื้น]
    หัวเรื่อง [ปฐมพยาบาล]
    หัวเรื่อง [ผู้ป่วยหนัก, การดูแล]
    หัวเรื่อง [ภาวะฉุกเฉิน]
    หัวเรื่อง [อุบัติเหตุ]

BibComment


ยังไม่เคยถูกคอมเมนท์

คอมเมนท์ทรัพยากรรายการนี้
  คอมเมนท์: คู่มือปฐมพยาบาลเ..


 Copyright 2026. Bcnsprnw @Library